00373nam a2200121Ia 4500008004100000041000800041082000800049100002700057245010800084260003200192300000800224520001900232221007s9999 xx 000 0 und d aeng bSAL aSalvi Shreya (2k81140) aAwarness of Frozen Fish & Ready to Eat Fish Products in Indian Market & its Promot on in Hotel Industry c2010bPune UniversityaPune a72p aMunde Kamlakar